000 00522nam a2200181Ia 4500
003 OSt
005 20200724103701.0
008 190216s9999||||xx |||||||||||||| ||und||
020 _a9788187156413
040 _coclc
082 _a515
_bRAO/R
100 _aRao, K Chandrasekhara
_93720
245 0 _aReal Analysis /
_cK Chandrasekhara Rao ; K S Narayanan
260 _bS.Viswanathan Pvt,
_aChennai:
_c2008.
300 _a348p
650 _aMathematics
942 _cBK
_2ddc
_h515
_iRAO/R
_k515
_mRAO/R
999 _c32182
_d32182